000 00409nam a22001457a 4500
005 20150316125558.0
008 150316b xxu||||| |||| 00| 0 eng d
040 _cPK-LaUMT
082 _aKHC 303.49095491
_bZUB-P
100 _aزبیر رانا
245 _aپاکستان کا مقدر؟
_cزبیررانا
260 _aلاہور
_bالمطبعتھ العربیھ
_c2001
300 _a164 ص
942 _cBK
999 _c67896
_d67896